Explorer la bande dessinee

Αποθηκεύτηκε σε:
Λεπτομέρειες βιβλιογραφικής εγγραφής
Κύριος συγγραφέας: Quella-Guyot, Didier
Μορφή: Βιβλίο
Γλώσσα:French
Δημοσίευση: [χ.τ.] : Dupuis; Sceren-CRDP Poitou-Charentes, [2004?]
Σειρά:La BD de case en classe
Θέματα:
Ετικέτες: Προσθήκη ετικέτας
Δεν υπάρχουν, Καταχωρήστε ετικέτα πρώτοι!

MARC

LEADER 00000nam a2200000 i 4500
001 1/78179
008 080320s2004 fre d
020 |a 2-86632-551-6 
035 |l 10095666 
040 |a GR-MY-UA  |b gre  |e aacr 
041 0 |a fre 
082 0 |a 741.53  |2 (22) 
100 1 |a Quella-Guyot, Didier. 
245 1 0 |a Explorer la bande dessinee /  |c Didier Quella-Guyot 
260 |a [χ.τ.] :   |b Dupuis; Sceren-CRDP Poitou-Charentes,   |c [2004?] 
300 |a 176 σ.;  |b έγχρ. εικ.;  |c 30 εκ. 
490 1 |a La BD de case en classe 
504 |a Περιλαμβάνει βιβλιογραφίες και ευρετήριο 
650 0 0 |a Comic books, strips, etc. 
650 0 0 |a Comic books, strips, etc. in education. 
650 0 0 |a Education  |x Methodology. 
650 0 0 |a Comic books and children. 
650 0 0 |a Comic books, strips, etc.  |x Technique. 
650 0 0 |a Comic books and teenagers. 
830 0 |a La BD de case en classe 
852 |a INST  |b RHODES  |e 20080320  |h 741.53 QUE  |p 005400029567  |q 005400029567  |t BK  |y 0 
901 |a BIBL4-2008-1 
909 |a Ρ  |b 145594 
922 |a 4ΕΛΗ  |b 200801  |c ΕΠΕΑΕΚ2/ΤΕΠΑΕΣ  |d ΕΛΕΥΘΕΡΟΥΔΑΚΗΣ 
970 |a ΧΑΡΙΟΠΟΛΙΤΟΥ  |b ΚΩΝΣΤΑΝΤΙΝΑ  |z 2008/03/20